000 00796nam a2200217Ia 4500
005 20250108125103.0
008 008 250107s9999 xx 000 0 hin d
037 _aTB
040 _aCRL
_bhin
_cCRL
041 _ahin
_2hin
084 _aV1:19(ZD).N R0
084 _qCRL
100 _aहरिराम, संपा.
245 0 _aमंदिर से अस्पताल: मूल्यांकन के विविध आयाम
_cहरिराम, संपा.
260 _aदिल्ली, भारत
_bअधिकरण प्रकाशन
_c3263
300 _a164पृ0
365 _aINR
_b699
650 _aहिन्दी साहित्यहिन्दी नाटक
942 _cTB
_hV1:19(ZD).N R0
999 _c1235651
_d1235651